| 000 | 00685nam a22002297a 4500 | ||
|---|---|---|---|
| 003 | UA-OsUOA | ||
| 001 | 74739 | ||
| 007 | ta | ||
| 008 | 20110415b un ||||| |||| 00| 0 ukr d | ||
| 090 |
_a94(477):929 _bД36 |
||
| 942 | _cBK | ||
| 040 |
_aUA-OsUOA _bukr _cUA-OsUOA _dUA-OsUOA |
||
| 245 |
_aДержавно-правова еліта України _bдовідково-біографічне видання |
||
| 300 | _a199 с с. | ||
| 955 | _a2 | ||
| 041 | _aukr | ||
| 080 | _a94(477):929 | ||
| 020 | _a978-966-96993 | ||
| 260 |
_aХарків _bЛогос Україна _c2009 |
||
| 650 | 7 |
_a9 Географія. Біографії. Історія _2UDC |
|
| 999 |
_c361028 _d361028 |
||